Central Library OPAC University of Rajshahi

Electrocardiology '93 : (Record no. 37460)

MARC details
000 -LEADER
fixed length control field 00961nam a22002417a 4500
001 - CONTROL NUMBER
control field 37460
003 - CONTROL NUMBER IDENTIFIER
rucl marc code BD-RjUL
005 - DATE AND TIME OF LATEST TRANSACTION
control field 20211209052619.0
008 - FIXED-LENGTH DATA ELEMENTS--GENERAL INFORMATION
fixed length control field 150120s1994 si a|||| |||| 00| 0 eng d
020 ## - INTERNATIONAL STANDARD BOOK NUMBER
International Standard Book Number 9810217935
035 ## - SYSTEM CONTROL NUMBER
System control number (BD-RjUL)37564
040 ## - CATALOGING SOURCE
Original cataloging agency BD-RjUL
Language of cataloging eng
Transcribing agency BD-RjUL
Modifying agency BD-RjUL
041 ## - LANGUAGE CODE
Language code of text/sound track or separate title eng
082 ## - DEWEY DECIMAL CLASSIFICATION NUMBER
Classification number 616.120754
Author mark and year ELE 1994
245 ## - TITLE STATEMENT
Title Electrocardiology '93 :
Remainder of title proceedings of the XXth International Congress on Electrocardiology, Kananaskis, Alberta, 26-30 July, 1993 : Satellite Symposium of the XXth International Congress on Electrocardiology, Smolenice Castle, Slovakia, 31 May-4 June, 1993 /
Statement of responsibility, etc. editors, P.W. Macfarlane, P. Rautaharju.
260 ## - PUBLICATION, DISTRIBUTION, ETC. (IMPRINT)
Place of publication, distribution, etc. Singapore ;
-- New Jersey :
Name of publisher, distributor, etc. World Scientific,
Date of publication, distribution, etc. ©1994.
300 ## - PHYSICAL DESCRIPTION
Pagination xxi, 339 p. :
Illustrations ill. ;
Size 23 cm.
500 ## - GENERAL NOTE
General note Includes index.
650 ## - SUBJECT ADDED ENTRY--TOPICAL TERM
Topical term or geographic name as entry element Electrocardiology.
9 (RLIN) 115031
700 ## - ADDED ENTRY--PERSONAL NAME
Personal name Macfarlane, P.W.
Personal name Rautaharju, P.
942 ## - ADDED ENTRY ELEMENTS (KOHA)
Source of classification or shelving scheme Dewey Decimal Classification
Koha item type Books
Holdings
Lost status Source of classification or shelving scheme Damaged status Not for loan Collection code Permanent Location Current Location Shelving location Date acquired Total Checkouts Full call number Date last seen Copy number Koha item type
  Dewey Decimal Classification   Not For Loan Non-fiction Institute of Biological Sciences (IBSc) Library Institute of Biological Sciences (IBSc) Library   20/01/2015   616.120754 ELE 1994 20/01/2015 C-1 Books